000 00653nam a2200253Ia 4500
003 OSt
005 20220918223629.0
006 a|||||r|||| 00| 0
007 ta
008 220917b |||||||| |||| 00| 0 eng d
024 _a224,201
037 _cTextual
040 _aARTS
_cARTS
_beng
041 _2eng
_aeng
082 _aD65,8(B), P0
100 _aDate C. J.
_9146201
245 0 _aIntroduction to database systems
250 _a7th
260 _aNew York
_bAddison - Wesley
_c2000
300 _axxii,938p.
_ccm.
650 _aENGINEERING
_92968
942 _hD65,8(B), P0
_cTEXL
_2CC
999 _c278993
_d278993